000
00204 a2200097 4500
001
10132
100
_a
Gorky, M
245
_a
Articles and pamphlets
260
_a
_b
Foreign Lang.
_c
090
_c
7877
_d
7877
942
_a
NUST-CAE
_c
M
_c
34574
999
_c
245205
_d
245205